[Event "Finistere-chB 0405"]
[Site "Finistere"]
[Date "2005.01.15"]
[Round "4"]
[White "Poignonnec, Pierre Yves"]
[Black "Ben Khelil, Akram"]
[Result "1-0"]
[WhiteElo "1780"]
[BlackElo "1600"]
[PlyCount "109"]
[EventDate "2004.10.16"]
[EventType "swiss"]
[EventRounds "7"]
[EventCountry "FRA"]
[SourceTitle "EXT 2007"]
[Source "ChessBase"]
[SourceDate "2006.11.23"]
[SourceVersion "1"]
[SourceVersionDate "2006.11.23"]
[SourceQuality "1"]

1. e4 e6 2. Nf3 d5 3. exd5 exd5 4. d4 Bg4 5. Be2 Be7 6. c3 Nf6 7. Qb3 b6 8. h3 Bh5 9. Bf4 0-0 10. 0-0 Re8 11. Nbd2 Ne4 12. Bb5 c6 13. Bxb8 Nxd2 14. Nxd2 cxb5 15. Bg3 Qd7 16. Rfe1 a6 17. Re5 Bg6 18. Rxd5 Qc8 19. Re5 Bf5 20. Rae1 Ra7 21. a3 Kf8 22. Nf3 f6 23. R5e3 Bg6 24. Nd2 Bf7 25. Qd1 Rd7 26. Qg4 Qc6 27. h4 h5 28. Qf5 g6 29. Qd3 f5 30. Bf4 Bd5 31. f3 Rdd8 32. Bg5 Bxg5 33. hxg5 Rxe3 34. Rxe3 Re8 35. Nf1 Bc4 36. Rxe8+ Qxe8 37. Qe3 Qxe3+ 38. Nxe3 Ke7 39. Nxc4 bxc4 40. Kh2 Ke6 41. Kg3 Kd5 42. Kf4 a5 43. a4 Ke6 44. g4 fxg4 45. fxg4 h4 46. Kf3 Kd5 47. Kg2 Ke4 48. Kh3 Kd5 49. Kxh4 Ke4 50. Kg3 Kd5 51. Kf4 Ke6 52. Ke4 Kd6 53. d5 Kc5 54. Ke5 b5 55. axb5 1-0

[Event "Finistere-chT 0001"]
[Site "Finistere"]
[Date "2001.01.06"]
[Round "4.13"]
[White "Benard, Serge"]
[Black "Ben Khelil, Akram"]
[Result "1-0"]
[WhiteElo "1470"]
[BlackElo "1290"]
[PlyCount "75"]
[EventDate "2000.??.??"]
[EventType "team-tourn"]
[EventRounds "7"]
[EventCountry "FRA"]
[SourceTitle "EXT 2003"]
[Source "ChessBase"]
[SourceDate "2002.11.25"]
[SourceVersion "1"]
[SourceVersionDate "2002.11.25"]
[SourceQuality "1"]

1. e4 e5 2. Nf3 Nc6 3. d4 exd4 4. Bc4 Be7 5. c3 dxc3 6. Nxc3 d6 7. Qb3 Na5 8. Bxf7+ Kf8 9. Qd5 c6 10. Qd3 Kxf7 11. b4 Nf6 12. bxa5 Re8 13. 0-0 Qxa5 14. h3 Kg8 15. Re1 Bd7 16. Bb2 Qh5 17. e5 Bf5 18. Qd4 c5 19. Qc4+ d5 20. Qf4 d4 21. exf6 dxc3 22. Bxc3 Bxf6 23. Bxf6 gxf6 24. g4 Rxe1+ 25. Rxe1 Bxg4 26. hxg4 Qf7 27. Nh4 Rd8 28. Nf5 Kh8 29. Re7 Rd1+ 30. Kh2 Qf8 31. Rxb7 Rd8 32. Qc7 Qg8 33. Nh6 Rc8 34. Nf7+ Kg7 35. Qxc8 c4 36. Qxg8+ Kxg8 37. Nd6 c3 38. Rc7 1-0